| 000 | 00479nam a2200181Ia 4500 | ||
|---|---|---|---|
| 005 | 20250326141526.0 | ||
| 008 | 250326s9999 xx 000 0 und d | ||
| 037 | _aTextbook | ||
| 040 |
_aFMSL _beng _cFMSL |
||
| 041 |
_aeng _2eng |
||
| 084 | _qFMSL | ||
| 100 | _aFerris G R | ||
| 245 | 0 |
_aCareer and human Resources development _cFerris G R; Rowland K M |
|
| 260 |
_aLondon _bLondon, Jai Press INC _c1990 |
||
| 300 | _a275p | ||
| 942 | _cTB | ||
| 999 |
_c1290716 _d1290716 |
||